5HLuxD.jpg

KING HENRY VIII SENIOR AND PRIMARY SCHOOL LIBRARY OPAC

The handmaid's tale / (Record no. 1030)

000 -LEADER
fixed length control field 00847nam a22002177a 4500
005 - DATE AND TIME OF LATEST TRANSACTION
control field 20200316115130.0
008 - FIXED-LENGTH DATA ELEMENTS--GENERAL INFORMATION
fixed length control field 200316b ||||| |||| 00| 0 eng d
020 ## - INTERNATIONAL STANDARD BOOK NUMBER
International Standard Book Number 9781784874872
040 ## - CATALOGING SOURCE
Transcribing agency KH8
082 ## - DEWEY DECIMAL CLASSIFICATION NUMBER
Classification number FIC ATW
100 ## - MAIN ENTRY--PERSONAL NAME
Personal name Atwood, Margaret
Relator term author
245 ## - TITLE STATEMENT
Title The handmaid's tale /
Statement of responsibility, etc. Margaret Atwood
260 ## - PUBLICATION, DISTRIBUTION, ETC.
Place of publication, distribution, etc. London :
Name of publisher, distributor, etc. Vintage UK,
Date of publication, distribution, etc. 2018.
300 ## - PHYSICAL DESCRIPTION
Extent 320 pages ;
Dimensions 18 cm.
520 ## - SUMMARY, ETC.
Summary, etc. The Republic of Gilead offers Offred only one option: to breed. If she deviates, she will, like all dissenters, be hanged at the wall or sent out to die slowly of radiation sickness. But even a repressive state cannot obliterate desire – neither Offred’s nor that of the two men on whom her future hangs.
650 ## - SUBJECT ADDED ENTRY--TOPICAL TERM
Topical term or geographic name entry element Feminism
650 ## - SUBJECT ADDED ENTRY--TOPICAL TERM
Topical term or geographic name entry element Dystopia
650 ## - SUBJECT ADDED ENTRY--TOPICAL TERM
Topical term or geographic name entry element Science Fiction
650 ## - SUBJECT ADDED ENTRY--TOPICAL TERM
Topical term or geographic name entry element Classics
942 ## - ADDED ENTRY ELEMENTS (KOHA)
Source of classification or shelving scheme
Koha item type Books - Fiction
Holdings
Withdrawn status Lost status Source of classification or shelving scheme Damaged status Not for loan Collection code Permanent Location Current Location Shelving location Date acquired Total Checkouts Total Renewals Full call number Barcode Date last seen Date last checked out Price effective from Koha item type
          Fiction KH8 Senior School Library KH8 Senior School Library Young Adult 2020-03-16 4 2 FIC ATW 3KHSL000101773 2024-07-23 2023-05-02 2020-03-16 Books - Fiction
          Teaching Resources KH8 Senior School Library KH8 Senior School Library Staff Office 2023-11-07     741.5971 ATW TRKHSL004974 2023-11-07   2023-11-07 Teaching Resources
          Teaching Resources KH8 Senior School Library KH8 Senior School Library Staff Office 2023-11-07     813.54 ATW TRKHSL004975 2023-11-07   2023-11-07 Teaching Resources

Powered By KH8 IT Dept